| 000 | 00939nam a22002417a 4500 | ||
|---|---|---|---|
| 999 |
_c15660 _d15660 |
||
| 003 | MIRAKIL | ||
| 005 | 20240318120844.0 | ||
| 008 | 240318b tu ||||| |||| 00| 0 tur d | ||
| 020 | _a9789751743954 | ||
| 040 |
_aTR-AnCHP _cTR-AnCHP |
||
| 041 | _atur | ||
| 082 |
_a415 _bR32o 2019 |
||
| 100 |
_aRedhouse, James W. _q(James William), Sir, |
||
| 245 | 1 | 0 |
_aOsmanlı Türkçesinin sadeleştirilmiş dil bilgisi / _cJames W. (James William) Redhouse ; çeviren : Ahmet Benzer. |
| 250 | _aBirinci baskı: Ankara, 2019 Aralık | ||
| 260 |
_aAnkara : _bTürk Dil Kurumu Yayınları, _c2019. |
||
| 300 |
_a106 sayfa ; _c24 cm. |
||
| 490 | 0 |
_aAtatürk Kültür, Dil ve Tarih Yüksek Kurumu Türk Dil Kurumu yayınları ; _v1319. |
|
| 500 | _aOsmanlıca metin içerir. | ||
| 650 | 0 |
_97776 _aOsmanlı Türkçesi _xDil bilgisi |
|
| 856 | _zDijital Nüshası için Partimizin Kütüphane Sorumlusu ile iletişime geçiniz. | ||
| 942 |
_2ddc _cBKS |
||